Notes on rubber cultivation with special reference to Portugues India (Record no. 20810)

MARC details
000 -LEADER
fixed length control field 00593nam a2200205Ia 4500
082 ## - DEWEY DECIMAL CLASSIFICATION NUMBER
Classification number NR:633.912.11
Item number WYL
100 ## - MAIN ENTRY--AUTHOR NAME
Personal name Wyllie, J A
245 #0 - TITLE STATEMENT
Title Notes on rubber cultivation with special reference to Portugues India
260 ## - PUBLICATION, DISTRIBUTION, ETC. (IMPRINT)
Place of publication Madras
Name of publisher Higginbotham
Year of publication 1907
650 ## - SUBJECT ADDED ENTRY--TOPICAL TERM
Topical Term Castilloa elastica
650 ## - SUBJECT ADDED ENTRY--TOPICAL TERM
Topical Term Cryptosteaia grendiflore
650 ## - SUBJECT ADDED ENTRY--TOPICAL TERM
Topical Term Ficus elastica
650 ## - SUBJECT ADDED ENTRY--TOPICAL TERM
Topical Term Hancornia speciosa
650 ## - SUBJECT ADDED ENTRY--TOPICAL TERM
Topical Term Hevea brasiliensis
650 ## - SUBJECT ADDED ENTRY--TOPICAL TERM
Topical Term Manihot glaziovii
650 ## - SUBJECT ADDED ENTRY--TOPICAL TERM
Topical Term Rubber plants
650 ## - SUBJECT ADDED ENTRY--TOPICAL TERM
Topical Term Urceola elastica
942 ## - ADDED ENTRY ELEMENTS (KOHA)
Koha item type Books
Holdings
Withdrawn status Lost status Damaged status Not for loan Home library Current library Date acquired Full call number Accession Number Koha item type
        RRII Library RRII Library 16/12/2021 NR:633.912.11 WYL 01533 Books